[Event "Ambelokipi op 87th"]
[Site "Athens"]
[Date "2008.05.31"]
[Round "7"]
[White "Drakakis, Ioannis"]
[Black "Thomassin, Alexandre"]
[Result "1-0"]
[WhiteElo "1864"]
[BlackElo "1822"]
[PlyCount "137"]
[EventDate "2008.05.10"]
[EventType "swiss"]
[EventRounds "7"]
[EventCountry "GRE"]
[SourceTitle "EXT 2010"]
[Source "ChessBase"]
[SourceDate "2010.11.25"]
[SourceVersion "1"]
[SourceVersionDate "2010.11.25"]
[SourceQuality "1"]

1. e4 g6 2. Nf3 Bg7 3. Bc4 c6 4. Bb3 b5 5. 0-0 a5 6. c3 d6 7. d4 Nf6 8. Re1 0-0 9. Nbd2 Qb6 10. Nf1 Bg4 11. Ng3 e5 12. Be3 Qc7 13. Rc1 a4 14. Bc2 h6 15. h3 Be6 16. Nh2 Bxa2 17. f4 exf4 18. Bxf4 g5 19. Bxd6 Qxd6 20. e5 Qc7 21. exf6 Qxg3 22. fxg7 Kxg7 23. Nf3 Nd7 24. Qd3 Nf6 25. Re5 Bd5 26. Rf1 Bc4 27. Qd2 Bxf1 28. Kxf1 Rfe8 29. Rf5 a3 30. Qd3 Re1+ 31. Nxe1 Qxd3+ 32. Bxd3 a2 33. Nc2 a1Q+ 34. Nxa1 Rxa1+ 35. Kf2 Ra2 36. Rc5 Ra6 37. Kf3 Nd7 38. Rf5 Ra2 39. d5 Nc5 40. dxc6 Nxd3 41. c7 Ra8 42. Rxb5 Rc8 43. Rb7 Nc5 44. Ra7 Kf6 45. b4 Ne6 46. Ke4 Nxc7 47. c4 Ke6 48. Rb7 f5+ 49. Kd4 Rd8+ 50. Kc5 Kd7 51. b5 Kc8 52. Ra7 Kb8 53. b6 Ne6+ 54. Kb5 Nd4+ 55. Ka6 Rc8 56. Rb7+ Ka8 57. Rd7 Kb8 58. Rxd4 g4 59. hxg4 fxg4 60. Rxg4 h5 61. Rh4 Rh8 62. g4 Ka8 63. gxh5 Rh6 64. c5 Kb8 65. Rg4 Rh8 66. c6 Re8 67. Rd4 Rh8 68. c7+ Kc8 69. Rd8+ 1-0

[Event "GRE-chT 35th"]
[Site "Ermioni Argolidas"]
[Date "2006.07.10"]
[Round "9"]
[White "Drakakis, Ioannis"]
[Black "Tzouganakis, Panteleimon"]
[Result "0-1"]
[WhiteElo "1888"]
[BlackElo "1793"]
[PlyCount "38"]
[EventDate "2006.07.03"]
[EventType "team"]
[EventRounds "9"]
[EventCountry "GRE"]
[SourceTitle "CBM 113 Extra"]
[Source "ChessBase"]
[SourceDate "2006.09.14"]
[SourceVersion "1"]
[SourceVersionDate "2006.09.14"]
[SourceQuality "1"]

1. e4 c5 2. Nc3 e6 3. g3 d5 4. exd5 exd5 5. d4 cxd4 6. Qxd4 Nf6 7. Nf3 Be7 8. Bg2 0-0 9. 0-0 Nc6 10. Qd1 Bg4 11. Re1 h6 12. a3 Qd7 13. Qd3 Bf5 14. Qd1 Rae8 15. Ne5 Nxe5 16. Rxe5 Bc5 17. Rxe8 Rxe8 18. Bxd5 Nxd5 19. Nxd5 Bg4 0-1